| 000 | 00791nam a22002537a 4500 | ||
|---|---|---|---|
| 003 | dpl | ||
| 005 | 20170124105930.0 | ||
| 008 | 161005b xxu||||| |||| 00| 0 eng d | ||
| 010 | _aB-161606 | ||
| 020 |
_c00 _a9788126119189 |
||
| 035 | _aB-161606 | ||
| 037 | _bCen Lib/Ret | ||
| 040 |
_aDPL _bEN _cTIT |
||
| 082 |
_a323 _bSHA |
||
| 100 |
_aShamsi, Nayyar _97966 |
||
| 245 |
_aHuman rights in the new world order / _cby Nayyar Shamsi |
||
| 260 |
_aNew Delhi _bAnmol Publications _c2004 |
||
| 270 |
_a4374/4B, ansari road, dariya ganj _bNew Delhi _e110002 |
||
| 300 |
_avii, 437p. _c22cm(Hb) |
||
| 500 | _aIncludes bibliographical references and index | ||
| 650 |
_aHuman rights _98208 |
||
| 650 |
_aUniversal phenomenon _97968 |
||
| 942 |
_2ddc _cEN _h323 _mSHA |
||
| 999 |
_c123769 _d123769 |
||